| 000 | 01486nam a2200373 a 4500 | ||
|---|---|---|---|
| 001 | 0000407 | ||
| 003 | DO-SdBNP | ||
| 005 | 20180316111907.0 | ||
| 007 | 0000407 | ||
| 008 | 150602s2014 dr a 000 0 spa d | ||
| 020 | _a9789945175004 | ||
| 040 |
_aBPMSU _bspa _cBPMSU |
||
| 092 |
_a372.21 _bG918, 5 años 2014 |
||
| 245 | 0 | 0 |
_aGuau 5 : _bnivel inicial - 5 años de edad / _cgerencia editorial Anna Rogero Soler ; ilustración Marta Costa...[et.al]. |
| 260 |
_aSanto Domingo : _bSM, _c2014. |
||
| 300 |
_a v: _bil. ; _c22 cm. + CD ROOM |
||
| 490 | 1 | _aEducación en valores | |
| 500 | _aGuau 5 [nivel inicial - 4 años de edad, incluye los cuadernos de atención a la diversidades 1,2 y 3. | ||
| 505 | 0 |
_tEl centro educativo -- _tLa calle -- _tLa familia -- _tEl cuerpo -- _tMi país -- _tLos alimentos -- _tLas plantas -- _tLos dinosaurios -- _tLa tierra y el espacio -- _tRecortables -- _tAdhesivos -- |
|
| 650 |
_aEDUCACIÓN PREESCOLAR _zREPÚBLICA DOMINICANA |
||
| 650 | _aEDUCACIÓN DE NIÑOS | ||
| 650 | _aEDUCACIÓN EN LA PRIMERA INFANCIA | ||
| 650 | _aJARDINES INFANTILES | ||
| 650 |
_aEDUCACIÓN PREESCOLAR _xLIBROS DE TEXTO |
||
| 650 |
_aEDUCACIÓN PREESCOLAR _xESTUDIOS Y EJERCICIOS |
||
| 700 | 1 |
_aCosta, Marta _eil. |
|
| 700 | 1 |
_aFung, Wi-Hen _eil. |
|
| 700 | 1 |
_aRogero Soler, Anna _eger. ed. |
|
| 830 | 0 | _pEducación en valores | |
| 910 | _a00144 | ||
| 942 |
_2ddc _cBK |
||
| 945 | _aRemanejado para la Bib. BNPHU, 2018/ YL | ||
| 956 |
_aYngrid Lockward _b10 |
||
| 999 |
_c10365 _d10365 |
||